00257cam a22000977a 4500008003800000082001500038100003300053245002800086260002700114500001800141180718b-- xxu||||| |||| 00| 0 eng d aT000x54114 aMizoram. Planning Department aFive year plan, Mizoram aAizawlbThe authorc-- aLibrary has 7